000 00627nas a2200217 4500
001 BR5800163
003 BR-BrBNA
005 20231205082015.0
007 ta
008 230509b bl.|||p| |||| 00| 00por d
040 _aBR-BrBNA
_bpor
_cBiblioteca Nacional de Agricultura
041 _a(Pt)
072 _aH20
100 1 _aLuz, N.K.
245 1 _aNotas sobre o cultivo de Phytophthora infestans [fungo]
650 _aFUNGO
650 _aSUBSTRATO
773 0 _tAgronomia Sulriograndense (Brazil)
_xISSN 0400-8111
_g(1958), v. 3(1) p. 153-156
_wBR5800163
909 _a202311
_bLúcia
_c55
_dLúcia Elande
942 _2AGRIS
_n0
_cANA
999 _c88499
_d88499